| 000 | 00620nam a2200217 i 4500 | ||
|---|---|---|---|
| 001 | 91815 | ||
| 003 | ES-MaACL | ||
| 005 | 20230906180826.0 | ||
| 007 | t| | ||
| 008 | 050217s2003 sp ||||1| spa d | ||
| 020 | _a84-95763-46-X | ||
| 080 | _a821.134.2-23"19" | ||
| 100 | 1 |
_aMoreno Arenas, José. _983327 |
|
| 245 | 1 | 0 |
_aTeatro mínimo _b: (pulgas dramáticas) / _cJosé Moreno Arenas. |
| 260 |
_aLa Zubia (Granada) : _bDauro, _c[2003] |
||
| 300 |
_a82 p. ; _c21 cm. |
||
| 490 | 1 |
_aEl público ; _v3 |
|
| 830 | 0 |
_aEl público ; _v3 _9232001 |
|
| 852 |
_aES-MaACL _jL-28871 _bR.135283 |
||
| 999 |
_c91815 _d91815 |
||